00399nam a22001337a 450000500170000000800410001702000180005808200170007610000220009324500430011526000480015830000130020650000460021920250522014201.0250522b |||||||| |||| 00| 0 eng d a9789556592740 222a301bILA aShanmugalingum. K aIlankaiyin Inavaraiyalum Manitaviyalum aColombo - ChennaibKumaran Book Housec2011 a139 p ., aEthnography and Anthropology of Sri Lanka